| 000 | 00387nam a22001337a 4500 | ||
|---|---|---|---|
| 003 | NUST | ||
| 005 | 20230307121757.0 | ||
| 008 | 230307b ||||| |||| 00| 0 eng d | ||
| 082 | _a297.63,SAM | ||
| 245 |
_aSafar e Hijaz: Main ne Hijaz mein kya dekha! / _cAbdul Karim Summar |
||
| 260 |
_aLahore, Pakistan _bJumhoori Publications _c2017 |
||
| 300 | _a112p. | ||
| 942 |
_2ddc _cBK _k297.63,SAM |
||
| 999 |
_c593553 _d593553 |
||